000 00584nam a2200217 u 4500
005 20240806063932.0
008 120703s2009 r 000 0 eng d
020 _a9786077742128
035 _aUPN01000185668
049 _aCG
050 4 _aPQ7298.13 H5.5
_bE5.2
100 1 _aChimal, Carlos,
_d1954-
_932584
245 1 0 _aEn busca de Argelia /
_cCarlos Chimal.
260 _aMéxico :
_bAldus,
_c2009.
300 _a212 p.
650 4 _aNovela mexicana
_ySiglo XX
_96052
650 4 _aLiteratura mexicana
_94466
905 _aLibro
999 _c157771
_d157771